000 004630000a22001690004500
003 MACL
005 20150704155715.0
008 150704b xxu||||| |||| 00| 0 eng d
040 _aMACL
_cMACL
041 _aEnglish
100 _aRay, Basudeb Dutta
_9668
245 _aDynamics of Power Relations in Tribal Societies of North East India
260 _bOm Publications
_c2006
_aNew Delhai
350 _a800
650 _aSocial Sciences
_9383
942 _cBK
_k300
_2ddc
999 _c8711
_d8711